Statistics for Countries of Potential Migrants to the United States

Click here to take the quiz!

General Stats

  • This quiz has been taken 75 times
  • The average score is 8 of 11

Answer Stats

# Country % Correct
5 milMexico
96%
10 milIndia
92%
22 milChina
88%
3 milUnited Kingdom
82%
7 milBrazil
76%
5 milPhilippines
72%
5 milJapan
65%
3 milVietnam
64%
15 milNigeria
57%
8 milBangladesh
43%
3 milKenya
31%

Score Distribution

Percentile by Number Answered

Percent of People with Each Score

Your Score History

You have not taken this quiz